-
Conferencia Internacional Anticorrupción
Entrada Nombre de reunión
Número de registros utilizados en: 1
001 - NÚMERO DE CONTROL
003 - IDENTIFICADOR DEL NÚMERO DE CONTROL
- campo de control:
DR-UNIBE
005 - FECHA Y HORA DE LA ÚLTIMA TRANSACCIÓN
- campo de control:
20250502105448.0
008 - DATOS DE LONGITUD FIJA
- campo de control de longitud fija:
250502|| aca||aabn | a|a d
040 ## - FUENTE DE LA CATALOGACIÓN
- Centro catalogador/agencia de origen:
DR-UNIBE
- Centro/agencia transcriptor:
DR-UNIBE
111 ## - ENCABEZAMIENTO--NOMBRE DE CONGRESO/REUNIÓN
- Nombre de congreso/reunión o jurisdicción como elemento de entrada:
Conferencia Internacional Anticorrupción
- Sede del congreso/Lugar de la reunión:
(7ª : 2006 : Ciudad de Guatemala -Antigua)
670 ## - FUENTE DE DATOS ENCONTRADOS
- Cita de la fuente:
Work cat.: (DR-UNIBE)113536: Conferencia Internacional Anticorrupción (7ª : 2006 : Ciudad de Guatemala -Antigua), Lucha contra la corrupción una causa de los pueblos libres /, 2001